Times do Rio pela última participação na Série A carioca - Statistics

Estatísticas Gerais
  • Esse quiz foi jogado 12 vezes
  • A pontuação média é 9 de 22
Estatísticas das Respostas
Hint Resposta % Correto
2024 Audax Rio
88%
2021 America
75%
2023 Resende
63%
2021 Americano
50%
2015 Barra Mansa
50%
2021 Cabofriense
50%
2008 Cardoso Moreira
50%
2014 Duque de Caxias
50%
2021 Friburguense
50%
2009 Mesquita
50%
2013 Olaria
50%
2018 Bonsucesso
38%
2017 Campos/Carapebus
38%
2002 Entrerriense
38%
2021 Macaé
38%
2013 Quissamã
38%
2019 Goytacaz
25%
2002 Itaperuna
25%
2017 Tigres do Brasil
25%
2002 CFZ
13%
2002 São Cristóvão
13%
2002 Serrano
13%
Nenhum quiz correspondente encontrado
Distribuição das Pontuações
Porcentagem de Pessoas com Cada Pontuação
Percentil de Números Respondidos
Sua Pontuação Histórica
Você não jogou esse quiz